000 00389nam a22001337a 4500
005 20141212121457.0
008 141212b xxu||||| |||| 00| 0 eng d
050 _aBP134.W6
_bB132
100 _aBadawi, Jamal A.
_913425
245 _aThe status of weman in Islam
_cBadawi, Jamal A.
260 _aKuwait
_bAfrica Muslims Agency
_cno date
300 _a28p.;
_c21cm.
942 _2lcc
_cMONOGRAPH
999 _c121507
_d121507